Mulberry, ennodu ninte Zorbayekkurichu parayu(മൾബെറി, എന്നോട് നിൻെറ സോർബയെക്കുറിച്ച് പറയൂ) (Record no. 115274)

MARC details
000 -LEADER
fixed length control field 00542 a2200157 4500
005 - DATE AND TIME OF LATEST TRANSACTION
control field 20260321115121.0
008 - FIXED-LENGTH DATA ELEMENTS--GENERAL INFORMATION
fixed length control field 260317b |||||||| |||| 00| 0 eng d
020 ## - INTERNATIONAL STANDARD BOOK NUMBER
International Standard Book Number 9789370984486
080 ## - UNIVERSAL DECIMAL CLASSIFICATION NUMBER
Universal Decimal Classification number FM
Item number BEN/MA
100 ## - MAIN ENTRY--PERSONAL NAME
Personal name Benyamin
245 ## - TITLE STATEMENT
Title Mulberry, ennodu ninte Zorbayekkurichu parayu(മൾബെറി, എന്നോട് നിൻെറ സോർബയെക്കുറിച്ച് പറയൂ)
260 ## - PUBLICATION, DISTRIBUTION, ETC. (IMPRINT)
Name of publisher, distributor, etc D C books.
Place of publication, distribution, etc Kottayam.
Date of publication, distribution, etc 2026.
300 ## - PHYSICAL DESCRIPTION
Extent 432 p.
653 ## - INDEX TERM--UNCONTROLLED
Uncontrolled term Fiction-Novel-Malayalam literature
942 ## - ADDED ENTRY ELEMENTS (KOHA)
item type Books
Holdings
Lost status Source of classification or shelving scheme Not for loan Home library Current library Date acquired Cost, normal purchase price Total Checkouts Full call number Barcode Date last seen Cost, replacement price Price effective from Koha item type Public note
  Universal Decimal Classification Not For Loan University Library University Library 27/02/2026 332.68   FM BEN/MA 00097353 27/02/2026 499.00 27/02/2026 Books Processing
University Library, CUSAT